South Eastern Kenya University

Library Online Public Access Catalogue


Immunology : (Record no. 9335)

MARC details
000 -LEADER
fixed length control field 00444cam a2200157 a 4500
020 ## - ISBN
International Standard Book Number 0845142283 (pbk.)
050 00 - LIBRARY OF CONGRESS CALL NUMBER
Classification Number QR181
Item Number .B39 1988
100 1# - MAIN ENTRY--Author
Personal name Benjamini, Eli.
245 10 - TITLE
Title Immunology :
Remainder of title a short course /
Statement of responsibility, etc Eli Benjamini, Sidney Leskowitz.
260 ## - PUBLICATION, DISTRIBUTION, ETC.(IMPRINT)
Place of publication, distribution, etc New York :
Name of publisher, distributor, etc Liss,
Date of publication, distribution, etc c1988.
300 ## - PHYSICAL DESCRIPTION
Extent xxi, 390 p. :
500 ## - GENERALNOTE
General note Includes index.
650 ## - SUBJECT--TOPIC
General subdivision Immunology ;
-- Immune response.
700 1# - ADDED ENTRY--PERSONAL AUTHOR
Personal Name Leskowitz, Sidney.
942 ## - ADDED ENTRY ELEMENTS(KOHA)
Source of classification or shelving scheme Library of Congress Classification
Koha item type General circulation
Holdings
Source of classification or shelving scheme Not for loan Location (home branch) Sublocation (holding branch) Shelving location Date accessioned Cost, normal purchase price Full call number Barcode Cost, replacement price Nonpublic note Koha item type Public note
Library of Congress Classification   Main Campus Library Main Campus Library   06/10/2015 1398.00 QR181 .B39 1988 2015/008394 1537.00 Nzk General circulation Nzk
Kitui, Kenya.
+254736116989
library@seku.ac.ke